東武桐生線の駅 - Statistics

General Stats
  • This quiz has been taken 14 times
  • The average score is 6 of 8
Answer Stats
Hint Answer % Correct
TI-18 太田
100%
TI-57 赤城
100%
TI-55 新桐生
92%
TI-56 相老
75%
TI-51 三枚橋
67%
TI-53 藪塚
67%
TI-52 治良門橋
58%
TI-54 阿佐美
50%
No matching quizzes found
Score Distribution
Percent of People with Each Score
Percentile by Number Answered
Your Score History
You have not taken this quiz